| 000 | 01230 a2200229 4500 | ||
|---|---|---|---|
| 001 | 54578 | ||
| 005 | 20260407155819.0 | ||
| 008 | 260407a1987 arg spa d | ||
| 003 | AR-UNSa-BCEJYS | ||
| 040 |
_aAR-UNSa-BCEJYS _bspa _cAR-UNSa-BCEJYS |
||
| 080 |
_a32 _xPolítica |
||
| 245 | 1 | 0 | _aIntroducción a la política |
| 020 | _a84-344-1777-4 | ||
| 250 | _a9a. ed. | ||
| 264 | 1 |
_aBarcelona : _bAriel _c1987 |
|
| 300 |
_a281 p. _c21 cm. |
||
| 505 | _aPrimera parte: Los factores de la lucha - I. Factores biológicos - II. Factores psicológicos - III. Factores demográficos - IV. Factores geográficos - V. Factores socioeconómicos - VI. Factores culturales - Segunda parte: Las formas de la contienda - I. Los marcos de la contienda - II. Las organizaciones de la contienda - III. Las armas de la contienda - IV. Las estrategias políticas - V. Los límites de la contienda - Tercera parte: Del antagonismo a la integración - I. Teoría de la integración - II. Técnica de la integración - III. ¿Integración o pseudointegración? - IV. Integración y nivel de desarrollo - VI. La imposible edad de oro | ||
| 041 | _aspa | ||
| 942 | _cBK | ||
| 590 | _aniveau_biblio:m niveau_hierar:0 | ||
| 100 | 1 | _aDuverger, Maurice | |
| 999 |
_c5653 _d5653 |
||